000 00856nam a2200241 a 4500
001 000002061
005 20200929145822.0
008 090630s2008 dr 001 0 spa d
020 _a9789945409017
040 _aDO-SdBNP
_bspa
_cBNPHU
082 _a306.81
_bA211u
100 1 _aAdams, Angel R.,
_d1979-
_96636
245 1 4 _aUna sola carne :
_bun ensayo sobre el matrimonio desde la perspectiva de la bíblia /
_cAngel R. Adams.
260 _aSanto Domingo :
_bConadex,
_c2008.
300 _a69 p. ;
_c22 cm.
500 _aIncluye índice de contenido
590 _aInventariado,2018/DG
650 4 _aMatrimonio
_xAspectos religiosos
_xCristianismo
_96637
650 4 _aConsejeria matrimonial
_91274
650 4 _aEducación para la vida familiar
_92729
650 4 _aDefensa del vinculo matrimonial
_96638
910 _aValidado. Control de calidad MMOLINA
999 _c1925
_d1925